Biblioteca "Ernesto Sabato"
Facultad de Derecho y Ciencias Sociales
Facultad de Lenguas
Universidad Nacional del Comahue

Uncle claude and the forbroek papers (Record no. 16743)

MARC details
000 -CABECERA
campo de control de longitud fija 00623caa a22001812a 4500
001 - NÚMERO DE CONTROL
campo de control 010961
003 - IDENTIFICADOR DEL NÚMERO DE CONTROL
campo de control AR-FADEU
008 - DATOS DE LONGITUD FIJA--INFORMACIÓN GENERAL
campo de control de longitud fija 311216n########xxu####################dd
092 ## - ASIGNACIÓN LOCAL DE SIGNATURA TOPOGRÁFICA DEWEY (OCLC)
Número de clasificación 808.831
Número de documento/Ítem B974s
100 ## - ENTRADA PRINCIPAL--NOMBRE DE PERSONA
Nombre de persona Burton, S. H.
245 ## - MENCIÓN DE TÍTULO
Título Uncle claude and the forbroek papers
300 ## - DESCRIPCIÓN FÍSICA
Extensión PP. 20-34
500 ## - NOTA GENERAL
Nota general En: Shakespeare detective : and other short stories / S. H. Burton. HaHarlow : Longman, 1986
546 ## - NOTA DE LENGUA/LENGUAJE
Nota de lengua/lenguaje Inglés
650 ## - PUNTO DE ACCESO ADICIONAL DE MATERIA--TÉRMINO DE MATERIA
Término de materia o nombre geográfico como elemento inicial /REVISADO/
773 0# - ENLACE AL DOCUMENTO FUENTE/ENTRADA DE REGISTRO ANFITRIÓN
Número bibliográfico anfitrión 16739
Número de ítem anfitrión 16842
Encabezamiento principal Burton, S. H.
Edición
Lugar, editor y fecha de publicación Harlow
Otro identificador del documento 0982
Título Shakespeare detective : and other short stories
Número de control del registro ( AR-FADEU) 010957
Número Internacional Normalizado para Publicaciones Seriadas
Número Internacional Estándar del Libro 0-582-52836-4
942 ## - ELEMENTOS DE PUNTO DE ACCESO ADICIONAL (KOHA)
Tipo de ítem Koha BDGR

No items available.

Facultad de Derecho y Ciencias Sociales | Universidad Nacional del Comahue | Mendoza y Perú General Roca | Río Negro CP (8332) | Patagonia Argentina | Teléfono: 54-0298-4433670 | | Fax: 0298-4432093 | Fax alumnos: 0298-4435700